| 000 | 00786nam a2200241Ia 4500 | ||
|---|---|---|---|
| 001 | 17521 | ||
| 003 | GE_BSU | ||
| 008 | 181216s||||||||xx |||||||||||||| ||und|| | ||
| 040 | _cGE_BSU | ||
| 080 | _a82-93:821.353.1-1 | ||
| 100 | _aიმედაძე,გრიგოლ | ||
| 245 | _aგადაიხადე ბაღჩაში | ||
| 245 | _bსაბავშვო ლექსები | ||
| 245 | _cრედ.:ი.ნინოშვილი;მხატვ.: გ.ფოცხიშვილი | ||
| 260 | _aთბილისი | ||
| 260 | _bსაბლიტგამი | ||
| 260 | _c1953 | ||
| 300 | _a148გვ.;23სმ | ||
| 300 | _eილ. | ||
| 653 | _aლექსები | ||
| 653 | _aსაბავშვო ლექსები | ||
| 942 | _cBK | ||
| 999 |
_c50571 _d50571 |
||